| 000 | 00358nam a2200121Ia 4500 | ||
|---|---|---|---|
| 005 | 20251222141838.0 | ||
| 008 | 251222s9999||||xx |||||||||||||| ||spa|| | ||
| 082 | _a027.625/C538 | ||
| 100 | _aCheca de Silva, Carmen | ||
| 245 | 0 | _aBiblioteca Infantil en el Perú | |
| 264 | _bCentro de Investigación de la Literatura Infantil y Juvenil del Perú | ||
| 942 | _cLIB | ||
| 999 |
_c7331 _d7331 |
||